Responses for Show #7804 - Thursday, July 12, 2018

Contestants

[<< previous game]

Johanna Schaufeld, a piano technician and woodworker from the Bronx, New York

Michelle Cabral, an elementary school music teacher from Toronto, Ontario, Canada

Wes Hazard, a standup comic and storyteller from Stoughton, Massachusetts (whose 3-day cash winnings total $51,196)

[next game >>]

Jeopardy! Round responses

THE MONTH OF JULY
AD COUNCIL CLASSICS
YOU'RE SHOWING YOUR AGE
10-LETTER "M" WORDS
CHECK IN TO THE POP CULTURE HOTEL
SLAYER
    $200 26
blueberries

Wes
    $200 6
bonds

Wes
    $200 21
the Golden Age

Michelle
    $200 1
minestrone

Wes
    $200 16
the Hotel California

Wes
    $200 11
Cain

Michelle
    $400 27
Cancer

Johanna
    $400 7
take a bite out of crime

Wes
    $400 22
the Trojan War

Triple Stumper
    $400 2
a midshipman

Wes
    $400 17
the Marigold Hotel

Johanna
    $400 12
(Alex: That would be in the film Psycho. [*].)

Norman Bates

Triple Stumper
    $600 28
the dog days

Wes
    $600 8
a condom

Michelle
    $600 23
(Alex: And we have less than a minute now.)

King James I

Michelle
    $600 3
a mixologist

Johanna
    $600 18
"Heartbreak Hotel"

Michelle
    $600 13
(Michelle: Who is Slytherin?)

(Severus) Snape

MichelleJohanna
    $800 29
[The end-of-round signal sounds.]

Lou Gehrig

Michelle
    $200 9
(Michelle: What is do drugs?)

drive drunk

Michelle
    $800 24
bread

Wes
    $800 4
a mimeograph

Michelle
    $800 19
(Alex: And that actor doing the voicing is [*], and that movie opens tomorrow, Friday the 13th.)

Adam Sandler

Triple Stumper
    $800 14
Beowulf

Wes
    $1000 10
the Peace Corps

Wes
    $1000 25
Sanskrit

Johanna
    $1000 5
(Johanna: What's a myocardial--myocardial infarction?)

a ministroke

Johanna
Triple Stumper
    $1000 20
Fawlty Towers

Johanna
    $1000 15
Bill Sikes

Michelle

Scores at the first commercial break (after clue 15):

Wes Michelle Johanna
$3,000 $1,800 $200

Scores at the end of the Jeopardy! Round:

Wes Michelle Johanna
$4,800 $4,000 $3,000

Double Jeopardy! Round responses

FLIP THAT HOUSE!
MATH & SCIENCE
AULD BRITISH SLANG
COLORFUL PLACES
ALEXANDER GRAHAM BELL
"TEN"TERTAINMENT
    $400 12
curb appeal

Michelle
    $400 5
irrational numbers

Wes
    $400 11
married

Wes
    $400 17
Red Square

Wes
    $400 19
speech

Johanna
    $400 6
The Ten Commandments

Wes
    $800 13
insulation

Michelle
    $800 1
there is an equal and opposite reaction

Johanna
    $800 27
(Wes: What's the Lavender Club?)
...
(Alex: Less than a minute now.)

the Macaroni Club

Wes
Triple Stumper
    $800 23
the Golden Gate

Triple Stumper
    $800 18
the phonograph

Michelle
    $800 7
Ten Little Indians

Johanna
    $1200 14
HGTV

Michelle
    $1200 2
variable

Triple Stumper
    $1200 28
the runt

Wes
    $1200 24
the Black Hole of Calcutta

Wes
    $1200 20
Ontario

Michelle
    $1200 8
a tenor

Michelle
    $1600 15
countertops

Johanna
    $1600 3
a parabola

Triple Stumper
    $1600 29
sausages

Michelle
    $1600 25
the Yellow Sea

Johanna
    $1600 21
(Wes: What is a stethoscope?)
(Johanna: What is... sorry.)

a metal detector

WesJohanna
Triple Stumper
    $1600 9
"Tenderness"

Triple Stumper
    $2000 16
the butler

Michelle
    $3,800 4
Pangaea

Johanna
    $2000 30
a singer

Triple Stumper
    $4,000 26
Grey Gardens

Johanna
    $2000 22
(Alex: And that man's name was [*]. The Smithsonian.)

James Smithson

Triple Stumper
    $2000 10
"Dance: Ten"

Michelle

Scores at the end of the Double Jeopardy! Round:

Wes Michelle Johanna
$6,400 $15,200 $14,400

[wagering suggestions for these scores]

Final Jeopardy! Round responses

1970s BESTSELLERS
(Alex: The author's father was a famous funnyman, and his suggested title for this novel was What's That Noshing on My Leg?)
...
(Alex: [To Wes] Written by Peter Benchley.)
WesWhat is Jaws
$6,399
JohannaWhat is The Hunt for Red Octob
$14,000
MichelleWhat is Jaws?
$3,200
Jaws

Final scores:

Wes Michelle Johanna
$12,799 $18,400 $400
2nd place: $2,000 New champion: $18,400 3rd place: $1,000

Game dynamics:

Coryat scores:

Wes Michelle Johanna
$6,400 $15,400 $10,600
16 R,
2 W
17 R,
2 W
(including 1 DD)
13 R
(including 2 DDs),
2 W

Combined Coryat: $32,400

[game clues] [game scores] [suggest correction]

Game tape date: 2018-03-07
The J! Archive is created by fans, for fans. Scraping, republication, monetization, and malicious use prohibited; this site may use cookies and collect identifying information. See terms. The Jeopardy! game show and all elements thereof, including but not limited to copyright and trademark thereto, are the property of Jeopardy Productions, Inc. and are protected under law. This website is not affiliated with, sponsored by, or operated by Jeopardy Productions, Inc. Join the discussion at JBoard.tv.